Central Library OPAC University of Rajshahi

The liberal imagination : (Record no. 62508)

MARC details
000 -LEADER
fixed length control field 00678nam a2200217 a 4500
001 - CONTROL NUMBER
control field 62508
003 - CONTROL NUMBER IDENTIFIER
rucl marc code BD-RjUL
005 - DATE AND TIME OF LATEST TRANSACTION
control field 20211209081107.0
008 - FIXED-LENGTH DATA ELEMENTS--GENERAL INFORMATION
fixed length control field 170124r19611940nyu b 000 0 eng
035 ## - SYSTEM CONTROL NUMBER
System control number (BD-RjUL)62634
040 ## - CATALOGING SOURCE
Original cataloging agency DLC
Transcribing agency OClU
Modifying agency DLC
Language of cataloging eng
041 ## - LANGUAGE CODE
Language code of text/sound track or separate title eng
082 ## - DEWEY DECIMAL CLASSIFICATION NUMBER
Edition number 23
Classification number 814.52
Author mark and year TRL 1961
100 1# - MAIN ENTRY--PERSONAL NAME
Personal name Trilling, Lionel,
Dates associated with a name 1905-1975.
9 (RLIN) 185832
245 14 - TITLE STATEMENT
Title The liberal imagination :
Remainder of title essays on literature and society /
Statement of responsibility, etc. by Lionel Trilling.
260 ## - PUBLICATION, DISTRIBUTION, ETC. (IMPRINT)
Place of publication, distribution, etc. New York :
Name of publisher, distributor, etc. Viking Press,
Date of publication, distribution, etc. 1950 [reprinted 1961]
300 ## - PHYSICAL DESCRIPTION
Pagination xvi, 303 p. ;
Size 22 cm.
504 ## - BIBLIOGRAPHY, ETC. NOTE
Bibliography, etc "Bibliographical note": p. xv-xvi.
650 #0 - SUBJECT ADDED ENTRY--TOPICAL TERM
Topical term or geographic name as entry element Literature and society.
9 (RLIN) 185617
942 ## - ADDED ENTRY ELEMENTS (KOHA)
Source of classification or shelving scheme Dewey Decimal Classification
Koha item type Books
Holdings
Lost status Source of classification or shelving scheme Damaged status Not for loan Collection code Permanent Location Current Location Shelving location Date acquired Source of acquisition Cost, normal purchase price Total Checkouts Full call number Date last seen Copy number Koha item type
  Dewey Decimal Classification   Not For Loan Non-fiction Central Library, University of Rajshahi Central Library, University of Rajshahi Reading Room 10/03/1964 zeittinger 10.60   814.52 TRL 1961 24/01/2017 C-1 Books